Currency and contest in East Asia : (Record no. 592194)
[ view plain ]
| 000 -LEADER | |
|---|---|
| fixed length control field | 01383cam a2200337 a 4500 |
| 001 - CONTROL NUMBER | |
| control field | 15298642 |
| 005 - DATE AND TIME OF LATEST TRANSACTION | |
| control field | 20221101105508.0 |
| 008 - FIXED-LENGTH DATA ELEMENTS--GENERAL INFORMATION | |
| fixed length control field | 080521s2009 nyua b 001 0 eng |
| 010 ## - LIBRARY OF CONGRESS CONTROL NUMBER | |
| LC control number | 2008021565 |
| 020 ## - INTERNATIONAL STANDARD BOOK NUMBER | |
| International Standard Book Number | 9780801446894 (cloth : alk. paper) |
| 035 ## - SYSTEM CONTROL NUMBER | |
| System control number | (OCoLC)ocn228372152 |
| 035 ## - SYSTEM CONTROL NUMBER | |
| System control number | (OCoLC)228372152 |
| 040 ## - CATALOGING SOURCE | |
| Original cataloging agency | DLC |
| Transcribing agency | DLC |
| Modifying agency | BTCTA |
| -- | BAKER |
| -- | YDXCP |
| -- | C#P |
| -- | BWX |
| -- | CDX |
| -- | IXA |
| -- | DLC |
| 043 ## - GEOGRAPHIC AREA CODE | |
| Geographic area code | ae----- |
| 050 00 - LIBRARY OF CONGRESS CALL NUMBER | |
| Classification number | HG187.E18 |
| Item number | G75 2009 |
| 082 00 - DEWEY DECIMAL CLASSIFICATION NUMBER | |
| Classification number | 332.042095 |
| Author Mark | GRI |
| 100 1# - MAIN ENTRY--PERSONAL NAME | |
| Personal name | Grimes, William W. |
| 9 (RLIN) | 102149 |
| 245 10 - TITLE STATEMENT | |
| Title | Currency and contest in East Asia : |
| Remainder of title | the great power politics of financial regionalism / |
| Statement of responsibility, etc. | William W. Grimes. |
| 260 ## - PUBLICATION, DISTRIBUTION, ETC. | |
| Place of publication, distribution, etc. | Ithaca : |
| Name of publisher, distributor, etc. | Cornell University Press, |
| Date of publication, distribution, etc. | 2009. |
| 300 ## - PHYSICAL DESCRIPTION | |
| Extent | xvi, 248 p. : |
| Other physical details | ill. ; |
| Dimensions | 24 cm. |
| 490 1# - SERIES STATEMENT | |
| Series statement | Cornell studies in money |
| 504 ## - BIBLIOGRAPHY, ETC. NOTE | |
| Bibliography, etc. note | Includes bibliographical references (p. [219]-238) and index. |
| 650 #0 - SUBJECT ADDED ENTRY--TOPICAL TERM | |
| Topical term or geographic name entry element | Finance |
| Geographic subdivision | East Asia. |
| 9 (RLIN) | 102150 |
| 650 #0 - SUBJECT ADDED ENTRY--TOPICAL TERM | |
| Topical term or geographic name entry element | Regionalism |
| Geographic subdivision | East Asia. |
| 9 (RLIN) | 102151 |
| 651 #0 - SUBJECT ADDED ENTRY--GEOGRAPHIC NAME | |
| Geographic name | East Asia |
| General subdivision | Foreign economic relations. |
| 9 (RLIN) | 102152 |
| 830 #0 - SERIES ADDED ENTRY--UNIFORM TITLE | |
| Uniform title | Cornell studies in money. |
| 9 (RLIN) | 102153 |
| 856 41 - ELECTRONIC LOCATION AND ACCESS | |
| Materials specified | Table of contents only |
| Uniform Resource Identifier | <a href="http://www.loc.gov/catdir/toc/fy0904/2008021565.html">http://www.loc.gov/catdir/toc/fy0904/2008021565.html</a> |
| 906 ## - LOCAL DATA ELEMENT F, LDF (RLIN) | |
| a | 7 |
| b | cbc |
| c | orignew |
| d | 1 |
| e | ecip |
| f | 20 |
| g | y-gencatlg |
| 942 ## - ADDED ENTRY ELEMENTS (KOHA) | |
| Source of classification or shelving scheme | |
| Koha item type | Book |
| Withdrawn status | Lost status | Source of classification or shelving scheme | Damaged status | Not for loan | Permanent Location | Current Location | Shelving location | Date acquired | Source of acquisition | Total Checkouts | Full call number | Barcode | Date last seen | Price effective from | Koha item type |
|---|---|---|---|---|---|---|---|---|---|---|---|---|---|---|---|
| Central Library (CL) | Central Library (CL) | Explore Japan | 11/01/2022 | Donated by Japan Embassy | 332.042095 GRI | CL-D-2191 | 11/02/2022 | 11/01/2022 | Book |
